| 000 | 01100cam a22003135a 4500 | ||
|---|---|---|---|
| 999 |
_c16987 _d16961 |
||
| 001 | 015884583 | ||
| 003 | EG-ScBUE | ||
| 005 | 20191222120519.0 | ||
| 008 | 110830s2012 enk f 000 0 eng d | ||
| 020 | _a9780521165198 (pbk.): | ||
| 040 |
_aEG-ScBUE _beng _erda _cEG-ScBUE _dEG-ScBUE |
||
| 082 | 0 | 4 |
_a428.0071141 _bTHA _222 |
| 100 | 1 |
_aThaine, Craig, _d1958- _eauthor. _930943 |
|
| 245 | 1 | 0 |
_aCambridge Academic English : _ban integrated skills course for EAP. _pStudent's book. _pIntermediate / _cCraig Thaine ; course consultant Michael McCarthy. |
| 246 | 3 | 0 | _aStudent's book |
| 246 | 3 | 0 | _aIntermediate |
| 264 | 1 |
_aCambridge : _bCambridge University Press, _c2012. |
|
| 300 |
_a176 pages ; _c29 cm |
||
| 336 |
_2rdacontent _atext _btxt |
||
| 337 |
_2rdamedia _aunmediated _bn |
||
| 338 |
_2rdacarrier _avolume _bnc |
||
| 521 | _aAppendice 168:176 | ||
| 590 | _aeman | ||
| 650 | 7 |
_aEnglish language _xRhetoric. _2BUEsh _931856 |
|
| 650 | 7 |
_aEnglish language _xStudy and teaching (Higher) _2BUEsh _930945 |
|
| 653 |
_cAugust2015 _bHHUUEENN |
||
| 655 | _vReading book | ||
| 942 |
_2ddc _cBB _k808.042 THA |
||